Online Catalogue and eLibrary

The Life of Sir Ponnampalam Ramanathan (Record no. 2799)

MARC details
000 -LEADER
fixed length control field 00434nam a2200157Ia 4500
005 - DATE AND TIME OF LATEST TRANSACTION
control field 20240807020151.0
008 - FIXED-LENGTH DATA ELEMENTS--GENERAL INFORMATION
fixed length control field 240331s9999 xx 000 0 und d
082 ## - DDC Classification
Item Number - Author Mark VYT
Class No. 392
100 ## - MAIN ENTRY--PERSONAL NAME
Personal name Vythilingam, M
245 #4 - TITLE STATEMENT
Title The Life of Sir Ponnampalam Ramanathan
260 ## - PUBLICATION, DISTRIBUTION, ETC.
Place of publication, distribution, etc. Colombo
Name of publisher, distributor, etc. Ramanathan Commemoration Society
Date of publication, distribution, etc. 1971
300 ## - PHYSICAL DESCRIPTION
Extent (e.g. Volumes, Pages etc.) xv, 605 p ., vol (i)
650 ## - SUBJECT ADDED ENTRY--TOPICAL TERM
Topical term or geographic name entry element Birth and Ancestry
650 ## - SUBJECT ADDED ENTRY--TOPICAL TERM
Topical term or geographic name entry element Religious Growth
942 ## - Koha item type (Biblio)
Koha item type Books in Stacks (Lending)
Holdings
Lost status Damaged status Collection code Home library Current library Shelving location Date acquired Full call number Accession Number Item type
    Lending WERC Library WERC Library Social Science Cupboard 03/31/2024 920 VYT 3171 Books in Stacks (Lending)

© WERC Library